| 000 | 00636nam a22001937a 4500 | ||
|---|---|---|---|
| 003 | OSt | ||
| 005 | 20140310182310.0 | ||
| 008 | 130918t xxu||||| |||| 00| 0 eng d | ||
| 020 | _a9780328504503 | ||
| 050 |
_aPE 1119 _b.F527g6 2011 |
||
| 082 |
_aTR 372.4 _bF716m6f 2011 |
||
| 100 |
_aForesman, Scott _92517 |
||
| 245 |
_aReading Street Grade 6 : _bfirst stop/ _cScott Foresman; program authors, Peter Afflerbach ... [et al.]. |
||
| 300 |
_a229 p. ; _bcol. ill. ; _c31 cm. |
||
| 650 |
_aReading _xStudy and Teaching _920870 |
||
| 650 |
_aReading (Elementary) _xHandbooks, manuals, etc _920871 |
||
| 942 |
_2lcc _cBK-TR |
||
| 999 |
_c11666 _d11666 |
||